London 2012 velodrome (Record no. 112782)

MARC details
000 -LEADER
fixed length control field 00716cad a22002295a 4500
001 - CONTROL NUMBER
control field E153959
008 - FIXED-LENGTH DATA ELEMENTS--GENERAL INFORMATION
fixed length control field 110927s2011 xxk f 000 0 eng d
020 ## - INTERNATIONAL STANDARD BOOK NUMBER
International Standard Book Number 9780956787712
035 ## - SYSTEM CONTROL NUMBER
System control number (Sirsi) u153959
041 0# - LANGUAGE CODE
Language code of text/sound track or separate title eng
050 04 - LIBRARY OF CONGRESS CALL NUMBER
Classification number 711.558 $2 18
110 2# - MAIN ENTRY--CORPORATE NAME
Corporate name or jurisdiction name as entry element Hopkins Architects
9 (RLIN) 5979
245 00 - TITLE STATEMENT
Title London 2012 velodrome
Remainder of title design in pursuit of efficiency
260 ## - PUBLICATION, DISTRIBUTION, ETC.
Place of publication, distribution, etc. London
Name of publisher, distributor, etc. Emap Inform
Date of publication, distribution, etc. 2011
300 ## - PHYSICAL DESCRIPTION
Extent 104p.
Other physical details cil. ill.
Dimensions 27cm.
520 ## - SUMMARY, ETC.
Summary, etc. Describes the process of designing and building the velodrome for the 2012 Olympic Games.
590 ## - LOCAL NOTE (RLIN)
Local note KA
650 24 - SUBJECT ADDED ENTRY--TOPICAL TERM
Topical term or geographic name entry element OLYMPIC GAMES 2012
651 #4 - SUBJECT ADDED ENTRY--GEOGRAPHIC NAME
Geographic name London
690 ## - LOCAL SUBJECT ADDED ENTRY--TOPICAL TERM (OCLC, RLIN)
Topical term or geographic name as entry element PROPERTY-COMMERCIAL PROPERTY-LEISURE PROPERTY-SPORTS PROPERTY
942 ## - ADDED ENTRY ELEMENTS (KOHA)
Suppress in OPAC 0
Holdings
Withdrawn status Lost status Source of classification or shelving scheme Damaged status Not for loan Home library Current library Shelving location Date acquired Total Checkouts Full call number Barcode Date last seen Copy number Price effective from Koha item type
    Dewey Decimal Classification     London London Books 27/09/2011   711.558 HOP 30076995 06/08/2019 1 06/08/2019 Book